000 00266nam a22001097a 4500
008 170112b xxu||||| |||| 00| 0 eng d
020 _a039754099X
041 _aeng
080 _22ND
_a618.2
245 _aTEXTBOOK OF MEDICAL SURGICAL NURSING
_cBRUNNER
942 _2udc
_cBK
999 _c2801
_d2801